MARC

LEADER 00000nam0a2200000 4500
001 92931
005 20231031104923.0
035 |a (RuTPU)RU\TPU\book\99537 
090 |a 92931 
100 |a 20060322d1979 m y0rusy50 ca 
101 0 |a rus 
102 |a BY 
105 |a a z 001zy 
200 1 |a Торф и проблема защиты окружающей среды  |f П. И. Белькевич, Л. Р. Чистова 
210 |a Минск  |c Наука и техника  |d 1979 
215 |a 64 с.  |c ил. 
320 |a Библиогр.: с. 57-60. 
610 1 |a торф 
610 1 |a ионообменные свойства 
610 1 |a окружающая среда 
610 1 |a сорбционные свойства 
610 1 |a охрана 
675 |a 622.331.004.14  |v 3 
675 |a 502.3  |v 3 
700 1 |a Белькевич  |b П. И.  |g Петр Илларионович 
701 1 |a Чистова  |b Л. Р.  |g Лилия Романовна 
801 1 |a RU  |b 63413507  |c 20060322  |g PSBO 
801 2 |a RU  |b 63413507  |c 20171009  |g PSBO 
942 |c BK